OCP : Oracle9i DBA fundamentals II : study guide
Here's the book you need to prepare for Exam 1Z0-032: Oracle9i Database: Fundamentals II. In-depth coverage of official exam objectives. Practical information on implementing and managing Oracle9i databases. Hundreds of challenging review questions, in the book and on the CD
Guardado en:
| Autor principal: | |
|---|---|
| Formato: | Libro |
| Lenguaje: | Undetermined |
| Publicado: |
San Francisco
Sybex
2002
|
| Materias: | |
| Etiquetas: |
Agregar Etiqueta
Sin Etiquetas, Sea el primero en etiquetar este registro!
|
| Thư viện lưu trữ: | Trung tâm Học liệu Trường Đại học Cần Thơ |
|---|
| LEADER | 01015nam a2200217Ia 4500 | ||
|---|---|---|---|
| 001 | CTU_214372 | ||
| 008 | 210402s9999 xx 000 0 und d | ||
| 082 | |a 005.7585 | ||
| 082 | |b S929 | ||
| 100 | |a Stuns, Doug | ||
| 245 | 0 | |a OCP : | |
| 245 | 0 | |b Oracle9i DBA fundamentals II : study guide | |
| 245 | 0 | |c Doug Stuns, Matthew Weishan | |
| 260 | |a San Francisco | ||
| 260 | |b Sybex | ||
| 260 | |c 2002 | ||
| 520 | |a Here's the book you need to prepare for Exam 1Z0-032: Oracle9i Database: Fundamentals II. In-depth coverage of official exam objectives. Practical information on implementing and managing Oracle9i databases. Hundreds of challenging review questions, in the book and on the CD | ||
| 650 | |a Electronic data processing personnel,Database management,Điện tử xử lý dữ liệu nhân sự,Quản trị cơ sở dữ liệu | ||
| 650 | |x Certification,Examinations,Chứng nhận,Kỳ thi | ||
| 904 | |i Năm | ||
| 980 | |a Trung tâm Học liệu Trường Đại học Cần Thơ | ||